000 00276nam a22001217a 4500
008 180921b xxu||||| |||| 00| 0 eng d
041 _aeng
080 _25th
_a616-053.2
100 _a8
101 _aPED
245 _aEssentials of Pediatrics
_cKliegman,R.M
942 _2udc
_cBK
999 _c48191
_d48191